Equipes das Grandes Ligas de Beisebol - Statistics

Estatísticas Gerais
  • Esse quiz foi jogado 60 vezes
  • A pontuação média é 22 de 30
Estatísticas das Respostas
Cidade Estádio Equipe % Correto
Nova York, NY Yankee Stadium New York Yankees
93%
Boston, MA Fenway Park Boston Red Sox
90%
Chicago, IL Guaranteed Rate Field Chicago White Sox
88%
Los Angeles, CA Dodger Stadium Los Angeles Dodgers
88%
Cincinnati, OH Great American Ball Park Cincinnati Reds
85%
Nova York, NY Citi Field New York Mets
85%
Chicago, IL Wrigley Field Chicago Cubs
83%
Anaheim, CA Angel Stadium Los Angeles Angels
80%
San Diego, CA Petco Park San Diego Padres
78%
San Francisco, CA Oracle Park San Francisco Giants
78%
Arlington, TX Globe Life Field Texas Rangers
75%
Houston, TX Minute Maid Park Houston Astros
73%
Oakland, CA Oakland Coliseum Oakland Athletics
73%
Philadelphia, PA Citizens Bank Park Philadelphia Phillies
73%
Kansas City, MO Kauffman Stadium Kansas City Royals
70%
Miami, FL LoanDepot Park Miami Marlins
70%
Washington, D.C. Nationals Park Washington Nationals
70%
Atlanta, GA Truist Park Atlanta Braves
68%
Cleveland, OH Progressive Field Cleveland Guardians
68%
Toronto, ON - Canadá Rogers Centre Toronto Blue Jays
68%
Baltimore, MD Oriole Park at Camden Yards Baltimore Orioles
65%
Pittsburgh, PA PNC Park Pittsburgh Pirates
65%
Saint Louis, MO Busch Stadium Saint Louis Cardinals
65%
Denver, CO Coors Field Colorado Rockies
63%
Milwaukee, WI American Family Field Milwaukee Brewers
63%
Seattle, WA T-Mobile Park Seattle Mariners
63%
Phoenix, AZ Chase Field Arizona Diamondbacks
60%
Minneápolis, MN Target Field Minnesota Twins
60%
Saint Petersburg, FL Tropicana Field Tampa Bay Rays
55%
Detroit, MI Comerica Park Detroit Tigers
50%
Nenhum quiz correspondente encontrado
Distribuição das Pontuações
Porcentagem de Pessoas com Cada Pontuação
Percentil de Números Respondidos
Sua Pontuação Histórica
Você não jogou esse quiz